000 00305nam a22001337a 4500
008 190129b xxu||||| |||| 00| 0 eng d
020 _a0201076667
041 _aeng
080 _a510
100 _a36
101 _aMAT
245 _aElements of Calculus and Analytic Geometry
_cThomas
942 _2udc
_cBK
999 _c53887
_d53887